| 000 | 02153 a2200205 4500 | ||
|---|---|---|---|
| 001 | 59716 | ||
| 005 | 20260407155851.0 | ||
| 008 | 260407a2008 arg spa d | ||
| 003 | AR-UNSa-BCEJYS | ||
| 040 |
_aAR-UNSa-BCEJYS _bspa _cAR-UNSa-BCEJYS |
||
| 080 |
_a346 _xDerecho económico. Derecho a la direccion estatal de la economía |
||
| 245 | 1 | 0 | _aNuevos temas de derecho económico, propiedad intelectual y biotécnica |
| 020 | _a978-987-03-1349-6 | ||
| 264 | 1 |
_aBuenos Aires : _bUniversidad de Buenos Aires. Facultad de Derecho _c2008 |
|
| 300 |
_a275 p. _c24 cm. |
||
| 505 | _a1. Centralidad de la deontología en tiempo de tecnologías convergentes / Atilio Aníbal Alterini – 2. Los delitos societarios y el pensamiento de Bergel / David Baigún – 3. Quince años de Ley de Competencia Desleal / Alberto Bercovitz – 4. Patentes en Biotecnología: una nueva forma de “acumulación por desposesión” / María Julia Bertomeu – 5. Células Madre, Pre-embriones y Pseudo-embriones: Problemas Bioéticos en torno a la obtención de Células Madre – 6. Disposiciones de los acuerdos de libre comercio que pueden afectar el acceso a los medicamentos en los países en desarrollo / Carlos M. Correa – 7. Hoteles, música, televisores y derechos intelectuales / Aída Kemelmajer de Carlucci – 8. Cuestiones relacionadas con el patentamiento en materia de biotecnoloía / Jorge Kors – 9. La responsabilidad de los proveedores de servicios de intermediación en línea. La jurisprudencia internacional / Delia Lipszyc – 10. Justicia y agentes responsables en investigación / Florencia Luna – 11. OMC y medio Ambiente: ¿excepción o discriminación? / Sandra C. Negro – 12. La cultura Bioética / Marcelo Palacios – 13. Aspectos Éticos de la Farmacogenómica / Víctor B. Penchaszadeh – 14. Los bienes jurídicos tutelados en el Protocolo de Cartagena sobre Seguridad de la Biotecnología del Convenio sobre Diversidad Biológica / Rafael J. Pérez Miranda – 15. Empresas innovadoras de Biotecnología ¿también bioéticas? - | ||
| 942 | _cBK | ||
| 590 | _aniveau_biblio:m niveau_hierar:0 | ||
| 100 | 1 | _aCorrea, Carlos M. | |
| 999 |
_c6799 _d6799 |
||